| 000 -LEADER |
| fixed length control field |
00395cam a22001217a 4500 |
| 008 - FIXED-LENGTH DATA ELEMENTS--GENERAL INFORMATION |
| fixed length control field |
180718b1962 xxu||||| |||| 00| 0 eng d |
| 082 ## - DEWEY DECIMAL CLASSIFICATION NUMBER |
| Classification number |
BA27x54 V669a |
| 245 ## - TITLE STATEMENT |
| Title |
Aspects of religion in Indian society |
| Statement of responsibility, etc. |
edited by Lalita Prasad Vidyarthi |
| 260 ## - PUBLICATION, DISTRIBUTION, ETC. |
| Place of publication, distribution, etc. |
Meerut |
| Name of publisher, distributor, etc. |
Kedar Nath Ram Nath |
| Date of publication, distribution, etc. |
1962 |
| 300 ## - PHYSICAL DESCRIPTION |
| Extent |
x, 410p |
| 650 ## - SUBJECT ADDED ENTRY--TOPICAL TERM |
| Topical term or geographic name entry element |
India --Religious life and customs. |
| 700 ## - ADDED ENTRY--PERSONAL NAME |
| Personal name |
Vidyarthi, Lalita Prasad |